Library Logo

Pioneer International University Library Catalogue

The Schwarzbein principle : (Record no. 9198)

MARC details
000 -LEADER
fixed length control field 01403cam a22003494a 4500
001 - CONTROL NUMBER
control field 4995039
003 - CONTROL NUMBER IDENTIFIER
control field OSt
005 - DATE AND TIME OF LATEST TRANSACTION
control field 20250901165801.0
008 - FIXED-LENGTH DATA ELEMENTS--GENERAL INFORMATION
fixed length control field 990226s1999 flua b 001 0 eng
010 ## - LIBRARY OF CONGRESS CONTROL NUMBER
LC control number 99024102
020 ## - INTERNATIONAL STANDARD BOOK NUMBER
International Standard Book Number 1558746803 (trade paper)
040 ## - CATALOGING SOURCE
Original cataloging agency DLC
Transcribing agency DLC
Modifying agency DLC
042 ## - AUTHENTICATION CODE
Authentication code pcc
050 00 - LIBRARY OF CONGRESS CALL NUMBER
Classification number RM 237 .85 .S35 1999
Item number .S35 1999
082 00 - DEWEY DECIMAL CLASSIFICATION NUMBER
Classification number 613
Edition information 21
100 1# - MAIN ENTRY--PERSONAL NAME
Personal name Schwarzbein, Diana,
Dates associated with a name 1960-
245 14 - TITLE STATEMENT
Title The Schwarzbein principle :
Remainder of title the truth about losing weight, being healthy, and feeling younger /
Statement of responsibility, etc. Diana Schwarzbein, Nancy Deville.
260 ## - PUBLICATION, DISTRIBUTION, ETC.
Place of publication, distribution, etc. Deerfield Beach, FL :
Name of publisher, distributor, etc. Health Communications,
Date of publication, distribution, etc. c1999.
300 ## - PHYSICAL DESCRIPTION
Extent xxvii, 365 p. :
Other physical details ill. ;
Dimensions 24 cm.
504 ## - BIBLIOGRAPHY, ETC. NOTE
Bibliography, etc. note Includes bibliographical references (p. 339-351) and index.
650 #0 - SUBJECT ADDED ENTRY--TOPICAL TERM
Topical term or geographic name entry element Sugar-free diet.
650 #0 - SUBJECT ADDED ENTRY--TOPICAL TERM
Topical term or geographic name entry element Nutrition.
650 #0 - SUBJECT ADDED ENTRY--TOPICAL TERM
Topical term or geographic name entry element Health.
650 #0 - SUBJECT ADDED ENTRY--TOPICAL TERM
Topical term or geographic name entry element Weight loss.
700 1# - ADDED ENTRY--PERSONAL NAME
Personal name Deville, Nancy.
856 42 - ELECTRONIC LOCATION AND ACCESS
Materials specified Publisher description
Uniform Resource Identifier <a href="http://www.loc.gov/catdir/enhancements/fy0727/99024102-d.html">http://www.loc.gov/catdir/enhancements/fy0727/99024102-d.html</a>
856 41 - ELECTRONIC LOCATION AND ACCESS
Materials specified Sample text
Uniform Resource Identifier <a href="http://www.loc.gov/catdir/enhancements/fy0727/99024102-s.html">http://www.loc.gov/catdir/enhancements/fy0727/99024102-s.html</a>
856 42 - ELECTRONIC LOCATION AND ACCESS
Materials specified Contributor biographical information
Uniform Resource Identifier <a href="http://www.loc.gov/catdir/enhancements/fy0735/99024102-b.html">http://www.loc.gov/catdir/enhancements/fy0735/99024102-b.html</a>
906 ## - LOCAL DATA ELEMENT F, LDF (RLIN)
a 7
b cbc
c orignew
d 1
e ocip
f 19
g y-gencatlg
942 ## - ADDED ENTRY ELEMENTS (KOHA)
Source of classification or shelving scheme Library of Congress Classification
Koha item type Books
Holdings
Withdrawn status Lost status Source of classification or shelving scheme Damaged status Not for loan Home library Current library Shelving location Date acquired Total checkouts Full call number Barcode Date last seen Price effective from Koha item type
    Library of Congress Classification     Main Library Main Library   12/11/2024   RM 237 .85 .S35 1999 PIU0006144 12/11/2024 12/11/2024 Books